Đạo Khổng trong văn Bác Hồ /

Bao gồm những trích lục cũng như các chú giải cung cấp những tư liệu nhằm giúp cho cả những ai không biết chữ Nho cũng nắm được đạo Nho. Đạo Khổng trong văn Bác Hồ đó là sự thật lớn lao không thể sao lãng khi chúng ta kế thừa những gì đu...

Täydet tiedot

Tallennettuna:
Bibliografiset tiedot
Päätekijä: Đào Phan
Aineistotyyppi: Kirja
Kieli:Vietnamese
Julkaistu: H. : Văn hóa thông tin , 2005
Aiheet:
Tagit: Lisää tagi
Ei tageja, Lisää ensimmäinen tagi!
Thư viện lưu trữ: Thư viện Trường CĐ Kỹ Thuật Cao Thắng
LEADER 01451nam a2200241 a 4500
001 TVCDKTCT6743
003 Thư viện trường Cao đẳng Kỹ thuật Cao Thắng
005 20070413000000
008 070413
980 \ \ |a Thư viện Trường CĐ Kỹ Thuật Cao Thắng 
024 |a RG_1 #1 eb0 i1 i5 
041 0 # |a vie 
082 # # |a 299.5 /   |b Đ108KH-đ 
100 1 # |a Đào Phan 
245 0 0 |a Đạo Khổng trong văn Bác Hồ /  |c Đào Phan 
260 # # |a H. :  |b Văn hóa thông tin ,  |c 2005 
300 # # |a 330tr. ;  |c 21cm 
520 # # |a Bao gồm những trích lục cũng như các chú giải cung cấp những tư liệu nhằm giúp cho cả những ai không biết chữ Nho cũng nắm được đạo Nho. Đạo Khổng trong văn Bác Hồ đó là sự thật lớn lao không thể sao lãng khi chúng ta kế thừa những gì đúng đắn là văn chương, tư tưởng, đạo đức, cốt cách của vị lãnh tụ mà ai nấy đều tin cậy và yêu quý. Gồm 3 phần: 
520 # # |a Phần 1: Từ 1921 đến tổng khởi nghĩa tháng Tám 
520 # # |a Phần 2 : Từ 1945 đến chiến thắng Điện Biên Phủ 
520 # # |a Phần 3 : Từ giải phóng miền Bắc đến di chúc năm 1969 
650 # 4 |a Đạo Khổng 
650 # 4 |a Hồ Chí Minh